Представление документа в формате RUSMARC

ПолеНазваниеЗначение
  Тип записи a
  Библиографический уровень m
001 Контрольный номер RU/IS/BASE/506087666
005 Дата корректировки 20240209174618.4
010 Индекс ISBN __
d Цена 267 р. 00 к.
100 Данные общей обработки __
a Данные общей обработки 20160114d2016 ||| 0rusy0189 ca
101 Язык документа 0_
a Язык текста rus
102 Страна публикации __
a Страна публикации RU
105 Кодированные данные (монография) __
a Кодированные данные (монография) y###||||000|y
200 Заглавие и сведения об ответственности 1_
a Заглавие Болезни иммунной системы
b Общее обозначение материала Текст
f Первые сведения об ответственности Е. С. Белозеров, Ю. И. Буланьков, Ю. А. Митин
210 Выходные данные 1_
a Место издания Элиста
c Издательство Джангар
d Дата издания 2005
215 Физическое описание __
a Объем 267 с.
300 Общие примечания __
a Общие примечания Ограничения по возрасту - 18+
606 Тематические рубрики 0_
a Основная рубрика Клиническая медицина
610 Ключевые слова 0_
a Ключевые слова медицина
a Ключевые слова болезни иммунной системы
a Ключевые слова иммунитет
686 Индексы других классификаций __
a Классификационный индекс 53
2 Код системы ББК
700 Автор _0
a Фамилия Белозеров
b Имя (инициалы) Е. С.
701 Альтернативная интеллектуальная ответственность _0
a Фамилия Буланьков
b Имя (инициалы) Ю. И.
701 Альтернативная интеллектуальная ответственность _0
a Фамилия Митин
b Имя (инициалы) Ю. А.
801 Источник записи _0
a Страна RU
b Организация МБУК ЦБС
c Дата составления 20160114
g Правила каталогизации RCR
801 Источник записи _1
a Страна RU
b Организация МБУК ЦБС г. Ульяновска
c Дата составления 20160114
g Правила каталогизации RCR
899 Данные о местонахождении __
i Авторский знак Б 43
j Расстановочный фильтр 53
901 Тип документа __
t Тип документа m
910 Корректоры записи __
a Корректор записи Зотова